[Event "Lugano New op 3rd"]
[Site "Lugano"]
[Date "2009.05.01"]
[Round "3"]
[White "Gattuso, Paolo"]
[Black "Altyzer, Lucien"]
[Result "0-1"]
[WhiteElo "1440"]
[BlackElo "2062"]
[PlyCount "46"]
[EventDate "2009.04.30"]
[EventType "swiss"]
[EventRounds "6"]
[EventCountry "SUI"]
[SourceTitle "EXT 2011"]
[Source "ChessBase"]
[SourceDate "2010.11.26"]
[SourceVersion "1"]
[SourceVersionDate "2010.11.26"]
[SourceQuality "1"]

1. e4 c5 2. Nf3 g6 3. d4 cxd4 4. Nxd4 Bg7 5. Nc3 Nc6 6. Nxc6 bxc6 7. Bc4 d6 8. Be3 Nf6 9. Qd2 Qa5 10. 0-0-0 Rb8 11. Bb3 Ng4 12. h3 Nxe3 13. Qxe3 0-0 14. h4 h5 15. f3 Kh7 16. Kb1 Be6 17. Ne2 c5 18. c4 Bxc4 19. Bxc4 Rxb2+ 20. Kc1 Rfb8 21. Qd3 Rxe2 22. Qxe2 Qc3+ 23. Qc2 Rb1+ 0-1